| 000 | 00382nam a22001337a 4500 | ||
|---|---|---|---|
| 008 | 230522b |||||||| |||| 00| 0 eng d | ||
| 020 | _a978-9966140289 | ||
| 050 |
_aHD30.28 _b.M38 2019 |
||
| 100 | _aMbugua, Mungai | ||
| 245 |
_a Leverage : _bIs what you need/ by _cMungai Mbugua |
||
| 260 |
_aNairobi, Kenya _bQueenex publishers Ltd _c2019 |
||
| 300 | _aix, 99p. | ||
| 942 |
_2lcc _cBK |
||
| 999 |
_c20138 _d20137 |
||